00609 a2200181 4500003000400000005001700004008004100021020001800062040000900080082001500089100003800104245006000142260003400202300000900236942003600245952012900281999001700410OSt20240823110730.0231019b |||||||| |||| 00| 0 eng d a9786030122615 coclc a297bALA/A aAlahi,Mashal Abdul Azeezil910481 aABDAU HAYATHIK MIN JADEED /cMashal Abdul Azeezil Alahi aDimashq:bDarul Kalam,c2021. a168p 2ddccBKh297iALA/Ak297mALA/A 00102ddc40708HADITHaMESbMEScARBd2023-10-19l0o297 ALA/Ap42879r2023-10-19 11:17:07v690.00w2023-10-19yREFzU15R2 c42647d42647